Estudio general sobre la economía de la provincia de Sevilla / (Record no. 69263)
[ view plain ]
| 000 -LEADER | |
|---|---|
| campo de control de longitud fija | 01994nam a2200349 i 4500 |
| 001 - NÚMERO DE CONTROL | |
| campo de control | 69263 |
| 003 - IDENTIFICADOR DE NÚMERO DE CONTROL | |
| campo de control | ES-MaACL |
| 005 - FECHA Y HORA DE LA ÚLTIMA TRANSACCIÓN | |
| campo de control | 20240207215656.0 |
| 007 - CAMPO FIJO DE DESCRIPCIÓN FÍSICA--INFORMACIÓN GENERAL | |
| campo de control de longitud fija | t| |
| 008 - DATOS DE LONGITUD FIJA--INFORMACIÓN GENERAL | |
| campo de control de longitud fija | 040702s1973 sp ||||1| spa d |
| 100 1# - ENTRADA PRINCIPAL--NOMBRE DE PERSONA | |
| Nombre de persona | García Añoveros, Jaime. |
| 9 (RLIN) | 54168 |
| 245 10 - MENCIÓN DEL TÍTULO | |
| Título | Estudio general sobre la economía de la provincia de Sevilla / |
| Mención de responsabilidad, etc. | Jaime García Añoveros. |
| 260 ## - PUBLICACIÓN, DISTRIBUCIÓN, ETC. | |
| Lugar de publicación, distribución, etc. | [Madrid : |
| Nombre del editor, distribuidor, etc. | Moneda y Crédito, |
| Fecha de publicación, distribución, etc. | 1973] |
| 300 ## - DESCRIPCIÓN FÍSICA | |
| Extensión | 10 v. ; |
| Dimensiones | 27 cm. |
| 505 8# - NOTA DE CONTENIDO CON FORMATO | |
| Nota de contenido con formato | Contiene: T. I: Plan general de inversiones y estudios económicos generales. -- T. II: Población, realidad y posbilidad de la empresa agraria en la provincia de Sevilla / Michel Drain, Ignacio Vázquez. -- T. III: Cultivos agrícolas. -- T. IV: Ganadería / Eloy Gallego Ramos, Luis Ortín Rodríguez. -- T. V: Infraestructura de regadío / Ricardo Grande Covián. -- T. VI: Comercialización e industrialización de productos agrarios / Manual Pérez-Bryan López. -- T. VII: Industria / Juan Luis Alvarez Jurado, Cristobal Rodríguez González. -- T. VIII: Educación / Santos Juliá Díaz, José Cabrera Bazán. -- T. IX: Vivienda-Urbanismo / José María Fernández-Palacios, José María Javierre. -- T. X: Estadísticas / Fausto Sánchez Cano, Fernando Delgado López |
| 700 1# - ENTRADA AGREGADA--NOMBRE PERSONAL | |
| Nombre de persona | Drain, Michel. |
| 9 (RLIN) | 45577 |
| 700 1# - ENTRADA AGREGADA--NOMBRE PERSONAL | |
| Nombre de persona | Vázquez Parladé, Ignacio. |
| 9 (RLIN) | 113469 |
| 700 1# - ENTRADA AGREGADA--NOMBRE PERSONAL | |
| Nombre de persona | Gallego Ramos, Eloy. |
| 9 (RLIN) | 53584 |
| 700 1# - ENTRADA AGREGADA--NOMBRE PERSONAL | |
| Nombre de persona | Ortín Rodríguez, Luis. |
| 9 (RLIN) | 87543 |
| 700 1# - ENTRADA AGREGADA--NOMBRE PERSONAL | |
| Nombre de persona | Grande Covián, Ricardo. |
| 9 (RLIN) | 59589 |
| 700 1# - ENTRADA AGREGADA--NOMBRE PERSONAL | |
| Nombre de persona | Pérez-Byan López, Manuel. |
| 9 (RLIN) | 90689 |
| 700 1# - ENTRADA AGREGADA--NOMBRE PERSONAL | |
| Nombre de persona | Alvárez Jurado, Juan Luis. |
| 9 (RLIN) | 20848 |
| 700 1# - ENTRADA AGREGADA--NOMBRE PERSONAL | |
| Nombre de persona | Rodríguez González, Cristobal. |
| 9 (RLIN) | 98557 |
| 700 1# - ENTRADA AGREGADA--NOMBRE PERSONAL | |
| Nombre de persona | Juliá, Santos, |
| Fechas asociadas al nombre | 1940-2019 |
| 9 (RLIN) | 67236 |
| 700 1# - ENTRADA AGREGADA--NOMBRE PERSONAL | |
| Nombre de persona | Cabrera Bazán, José. |
| 9 (RLIN) | 33303 |
| 700 1# - ENTRADA AGREGADA--NOMBRE PERSONAL | |
| Nombre de persona | Fernandez-Palacios, José María. |
| 9 (RLIN) | 49981 |
| 700 1# - ENTRADA AGREGADA--NOMBRE PERSONAL | |
| Nombre de persona | Javierre, José María. |
| 9 (RLIN) | 66210 |
| 700 1# - ENTRADA AGREGADA--NOMBRE PERSONAL | |
| Nombre de persona | Sánchez Cano, F. |
| 9 (RLIN) | 102520 |
| 700 1# - ENTRADA AGREGADA--NOMBRE PERSONAL | |
| Nombre de persona | Delgado López, Fernando. |
| 9 (RLIN) | 43463 |
| 852 ## - LOCALIZACIÓN | |
| Ubicación | ES-MaACL |
| Número de control de estantería | C-54690-99 |
| Sublocalización o colección | R.87528 |
| Estatus retirado | Estado de pérdida | Estado de daño | No para préstamo | Biblioteca de origen | Biblioteca actual | Ubicación en estantería | Fecha de adquisición | Fuente de adquisición | Total de préstamos | Signatura topográfica completa | Código de barras | Visto por última vez | Precio de reemplazo | Tipo de ítem Koha |
|---|---|---|---|---|---|---|---|---|---|---|---|---|---|---|
| Biblioteca del Ateneo de Madrid | Biblioteca del Ateneo de Madrid | Depósito 2 | 17/01/2008 | C-54690-99 | 1072532 | 23/02/2023 | 23/02/2023 | Libro impreso |
